|
|
|
|
| LEADER |
01531nam a22003612a 4500 |
| 001 |
000118889 |
| 003 |
CZ BrMZK |
| 005 |
20221216094659.0 |
| 007 |
ta |
| 008 |
030102s1994 xr f |||| 0 cze d |
| 015 |
|
|
|a cnb000088313
|z cnb000111171
|
| 020 |
|
|
|a 80-7080-207-3
|q (brož.) :
|c Kč 31,00
|
| 035 |
|
|
|a (OCoLC)84905795
|
| 040 |
|
|
|a BOA001
|b cze
|
| 072 |
|
7 |
|a 628
|x Sanitární technika. Vodárenství. Odpadové hospodářství. Světelná technika
|2 Konspekt
|9 19
|
| 072 |
|
7 |
|a 37.016
|x Učební osnovy. Vyučovací předměty. Učebnice
|2 Konspekt
|9 22
|
| 080 |
|
|
|a 628.3
|2 undef
|
| 100 |
1 |
|
|a Dohányos, Michal,
|d 1937-
|7 jn20000400486
|4 aut
|
| 245 |
1 |
0 |
|a Čištění odpadních vod /
|c Michal Dohányos, Jan Koller, Nina Strnadová
|
| 250 |
|
|
|a 1. vyd.
|
| 260 |
|
|
|a Praha :
|b Vysoká škola chemicko-technologická,
|c 1994
|
| 300 |
|
|
|a IV, 177 s.
|
| 500 |
|
|
|a 150 výtisků
|
| 500 |
|
|
|a V roce 1995 dotisk 300 výtisků
|
| 650 |
0 |
7 |
|a čištění odpadních vod
|7 ph128183
|2 czenas
|
| 653 |
0 |
|
|a anaerobní čištění
|a biologické čištění
|a mechanické čištění
|a odpadní vody
|a průmyslové odpadní vody
|a čistírenské kaly
|
| 655 |
|
7 |
|a učebnice vysokých škol
|7 fd133772
|2 czenas
|
| 655 |
|
7 |
|a učebnice vysokých škol
|7 fd133772
|2 czenas
|
| 700 |
1 |
|
|a Strnadová, Nina,
|d 1946-
|7 uzp2007413320
|4 aut
|
| 700 |
1 |
|
|a Koller, Jan,
|d 1971-
|7 ntka172952
|4 aut
|
| 910 |
|
|
|a BOA001
|b TK-A-0255.086
|
| 990 |
|
|
|a BK
|
| 996 |
7 |
|
|b 2629980970
|c TK-A-0255.086
|l MZK
|r Sklad / do 24 hodin
|n 34
|w 000118889
|u 000010
|a 1
|e BOA001
|j MZK50
|s A
|